<?xml version="1.0" encoding="UTF-8"?>
<record
    xmlns:xsi="http://www.w3.org/2001/XMLSchema-instance"
    xsi:schemaLocation="http://www.loc.gov/MARC21/slim http://www.loc.gov/standards/marcxml/schema/MARC21slim.xsd"
    xmlns="http://www.loc.gov/MARC21/slim">

  <leader>00574nam a22001937a 4500</leader>
  <controlfield tag="005">20260224162424.0</controlfield>
  <controlfield tag="008">260224b        |||||||| |||| 00| 0 eng d</controlfield>
  <datafield tag="020" ind1=" " ind2=" ">
    <subfield code="a">978-1-7935-1427-1</subfield>
  </datafield>
  <datafield tag="050" ind1=" " ind2=" ">
    <subfield code="a">QA 276 .H86 2022</subfield>
  </datafield>
  <datafield tag="100" ind1=" " ind2=" ">
    <subfield code="a">HUMPHREYS,NATALIA A</subfield>
  </datafield>
  <datafield tag="245" ind1=" " ind2=" ">
    <subfield code="a">PROBABILITY AND STATISTICS FOR ACTUARIES</subfield>
  </datafield>
  <datafield tag="250" ind1=" " ind2=" ">
    <subfield code="a">1ST EDITION</subfield>
  </datafield>
  <datafield tag="260" ind1=" " ind2=" ">
    <subfield code="a">SAN DIEGO</subfield>
    <subfield code="b">COGNELLA,INC</subfield>
    <subfield code="c">2022</subfield>
  </datafield>
  <datafield tag="300" ind1=" " ind2=" ">
    <subfield code="a">X,280P.</subfield>
  </datafield>
  <datafield tag="500" ind1=" " ind2=" ">
    <subfield code="a">INCLUDES BIBLIOGRAPHICAL REFERENCES AND INDEXES</subfield>
  </datafield>
  <datafield tag="650" ind1=" " ind2=" ">
    <subfield code="a">1.PROBABILITIES 2.MATHEMATICAL STATISTICS</subfield>
  </datafield>
  <datafield tag="700" ind1=" " ind2=" ">
    <subfield code="a">KOSHEVNIK,YULY</subfield>
  </datafield>
  <datafield tag="942" ind1=" " ind2=" ">
    <subfield code="2">lcc</subfield>
    <subfield code="c">BK</subfield>
  </datafield>
  <datafield tag="999" ind1=" " ind2=" ">
    <subfield code="c">216623</subfield>
    <subfield code="d">216623</subfield>
  </datafield>
  <datafield tag="952" ind1=" " ind2=" ">
    <subfield code="0">0</subfield>
    <subfield code="1">0</subfield>
    <subfield code="2">lcc</subfield>
    <subfield code="4">0</subfield>
    <subfield code="6">QA0276 H86  02022</subfield>
    <subfield code="7">0</subfield>
    <subfield code="8">SCT</subfield>
    <subfield code="9">375360</subfield>
    <subfield code="a">KSUL</subfield>
    <subfield code="b">KSUL</subfield>
    <subfield code="c">DISPLAY</subfield>
    <subfield code="d">2026-02-24</subfield>
    <subfield code="i">111425</subfield>
    <subfield code="l">0</subfield>
    <subfield code="o">QA 276 .H86 2022</subfield>
    <subfield code="p">A001194</subfield>
    <subfield code="r">2026-02-24 16:27:00</subfield>
    <subfield code="t">1</subfield>
    <subfield code="w">2026-02-24</subfield>
    <subfield code="y">BK</subfield>
  </datafield>
  <datafield tag="952" ind1=" " ind2=" ">
    <subfield code="0">0</subfield>
    <subfield code="1">0</subfield>
    <subfield code="2">lcc</subfield>
    <subfield code="4">0</subfield>
    <subfield code="6">QA0276 H86  02022</subfield>
    <subfield code="7">0</subfield>
    <subfield code="8">SCT</subfield>
    <subfield code="9">375364</subfield>
    <subfield code="a">KSUL</subfield>
    <subfield code="b">KSUL</subfield>
    <subfield code="c">DISPLAY</subfield>
    <subfield code="d">2026-02-24</subfield>
    <subfield code="i">111426</subfield>
    <subfield code="l">0</subfield>
    <subfield code="o">QA 276 .H86 2022</subfield>
    <subfield code="p">A001193</subfield>
    <subfield code="r">2026-02-24 16:27:00</subfield>
    <subfield code="t">2</subfield>
    <subfield code="w">2026-02-24</subfield>
    <subfield code="y">BK</subfield>
  </datafield>
  <datafield tag="952" ind1=" " ind2=" ">
    <subfield code="0">0</subfield>
    <subfield code="1">0</subfield>
    <subfield code="2">lcc</subfield>
    <subfield code="4">0</subfield>
    <subfield code="6">QA0276 H86  02022</subfield>
    <subfield code="7">0</subfield>
    <subfield code="8">SCT</subfield>
    <subfield code="9">375365</subfield>
    <subfield code="a">KSUL</subfield>
    <subfield code="b">KSUL</subfield>
    <subfield code="c">DISPLAY</subfield>
    <subfield code="d">2026-02-24</subfield>
    <subfield code="i">111427</subfield>
    <subfield code="l">0</subfield>
    <subfield code="o">QA 276 .H86 2022</subfield>
    <subfield code="p">A001192</subfield>
    <subfield code="r">2026-02-24 16:27:00</subfield>
    <subfield code="t">3</subfield>
    <subfield code="w">2026-02-24</subfield>
    <subfield code="y">BK</subfield>
  </datafield>
  <datafield tag="952" ind1=" " ind2=" ">
    <subfield code="0">0</subfield>
    <subfield code="1">0</subfield>
    <subfield code="2">lcc</subfield>
    <subfield code="4">0</subfield>
    <subfield code="6">QA0276 H86  02022</subfield>
    <subfield code="7">0</subfield>
    <subfield code="8">SCT</subfield>
    <subfield code="9">375369</subfield>
    <subfield code="a">KSUL</subfield>
    <subfield code="b">KSUL</subfield>
    <subfield code="c">DISPLAY</subfield>
    <subfield code="d">2026-02-24</subfield>
    <subfield code="i">111428</subfield>
    <subfield code="l">0</subfield>
    <subfield code="o">QA 276 .H86 2022</subfield>
    <subfield code="p">A001191</subfield>
    <subfield code="r">2026-02-24 16:27:00</subfield>
    <subfield code="t">4</subfield>
    <subfield code="w">2026-02-24</subfield>
    <subfield code="y">BK</subfield>
  </datafield>
</record>
